Normal view
MARC view
- 1.Artificial Intelligence. 2.Summarization assistant
Entry Topical Term
001 - CONTROL NUMBER
- control field: 92188
003 - CONTROL NUMBER IDENTIFIER
- control field: NUST
005 - DATE AND TIME OF LATEST TRANSACTION
- control field: 20220702160801.0
008 - FIXED-LENGTH DATA ELEMENTS
- fixed length control field: 220702|| aca||aabn | a|a d
040 ## - CATALOGING SOURCE
- Original cataloging agency: NUST
- Transcribing agency: NUST
150 ## - HEADING--TOPICAL TERM
- Topical term or geographic name entry element: 1.Artificial Intelligence. 2.Summarization assistant
670 ## - SOURCE DATA FOUND
- Source citation: Work cat.: (NUST)8901: M. Nasir Rasul 92187, Personal Information and Summarization Assistant [Project BIT1], 2004.
